=LDR 00000nam 2200000 4500 =001 INLIS000000000052914 =005 20180315081504 =035 ##$$a 0010-0318000141 =007 ta =008 180315###########################0###### =020 ##$$a 979-736-395-3 =082 ##$$a 641.5 =084 ##$$a 641.5 LAV k =100 #$$a Laveny Linawati =245 1#$$a Koleksi masakan nasional dan internasional : $b Pendamping ibu didapur /$c Laveny Linawati =260 ##$$a Semarang :$b Aneka ilmu,$c 2004 =300 ##$$a 42 hlm : $b ilus ; $c 21 cm =650 ##$$a Masakan =700 #$$a Herni Rahayu =990 ##$$a 57995799 =990 ##$$a 57995799 =990 ##$$a 57995799 =990 ##$$a 57995799 =990 ##$$a 57995799 =990 ##$$a 21710586 =990 ##$$a 01201805799 =990 ##$$a 01201805800 =990 ##$$a 01201805801 =990 ##$$a 01201805802 =990 ##$$a 21710587 =990 ##$$a 01201805799 =990 ##$$a 01201805800 =990 ##$$a 01201805801 =990 ##$$a 21710586 =990 ##$$a 21710588 =990 ##$$a 01201805799 =990 ##$$a 01201805800 =990 ##$$a 21710587 =990 ##$$a 21710586 =990 ##$$a 21710589 =990 ##$$a 01201805799 =990 ##$$a 21710588 =990 ##$$a 21710587 =990 ##$$a 21710586 =990 ##$$a 21710590 =990 ##$$a 21710589 =990 ##$$a 21710588 =990 ##$$a 21710587 =990 ##$$a 21710586